000 01308cam a2200337Mi 4500
999 _c1520
_d1520
001 .b27050087
003 OCoLC
005 20230110145931.0
008 090701r20092008nyu j 000 1 eng d
020 _a0142413909
_q(pbk.)
020 _a9780142413906
_q(pbk.)
035 _a(OCoLC)1059286923
040 _aWYLOV
_beng
_erda
_cWYLOV
_dOCLCQ
_dKH8
_dTWWZU
042 _anbic
043 _ae-uk-en
_ae-uk---
082 _aFIC SPR
100 1 _aSpringer, Nancy,
_eauthor.
245 1 4 _aThe case of the bizarre bouquets :
_ban Enola Holmes mystery /
_cNancy Springer.
260 _aNew York :
_bSleuth Puffin,
_c2008.
300 _a170, 12 pages ;
_c20 cm.
440 _aAn Enola Holmes mystery ;
_n3.
500 _aOriginally published: New York : Philomel Books, 2008.
520 _aFourteen-year-old Enola Holmes, disguised as a beautiful woman, finds clues in floral bouquets as she searches for the missing Doctor Watson, a companion of her famous older brother, Sherlock.
650 1 _aMissing persons
_vFiction.
650 1 _aFlower language
_vFiction.
650 1 _aCharacters in literature
_vFiction.
650 1 _aMystery and detective stories.
651 1 _aLondon (England)
_xHistory
_y19th century
_vFiction.
651 1 _aGreat Britain
_xHistory
_y19th century
_vFiction.
942 _2ddc
_cFIC